[Event "GER-ch U25 op-C"]
[Site "Willingen"]
[Date "2024.05.25"]
[Round "9"]
[White "Buntin, Amelia Bernadette"]
[Black "Steinkamp, Matthis"]
[Result "0-1"]
[WhiteElo "1096"]
[BlackElo "1489"]
[PlyCount "88"]
[EventDate "2024.05.19"]
[EventType "swiss"]
[EventRounds "9"]
[EventCountry "GER"]
[SourceTitle "EXT 2025"]
[Source "ChessBase"]
[SourceDate "2024.10.14"]
[SourceVersion "1"]
[SourceVersionDate "2024.10.14"]
[SourceQuality "1"]

1. e4 c5 2. Nf3 Nc6 3. g3 e6 4. Bg2 Nf6 5. d3 d5 6. e5 Ng4 7. h3 Ngxe5 8. Nbd2 b6 9. 0-0 Bb7 10. Re1 Bd6 11. b3 0-0 12. Bb2 f6 13. c4 d4 14. Nf1 Qc7 15. N1h2 f5 16. Ng5 Rfe8 17. f4 Ng6 18. Qh5 Nf8 19. Qd1 h6 20. Ngf3 g6 21. Nh4 Re7 22. Rc1 Rae8 23. N4f3 e5 24. Rc2 exf4 25. Rce2 fxg3 26. Nf1 Bf4 27. Bc1 Bxc1 28. Qxc1 Rxe2 29. Rxe2 Rxe2 30. Qxh6 Qh7 31. Qg5 Qc7 32. Nxg3 Rxa2 33. Nh5 Qf7 34. Nf6+ Kg7 35. Nh5+ Kh8 36. Qh6+ Nh7 37. Ng5 Qe7 38. Nf6 Ne5 39. Nfxh7 Rxg2+ 40. Kf1 Kg8 41. Nf6+ Qxf6 42. Qh7+ Kf8 43. Qxb7 Rxg5 44. Qxa7 Nxd3 0-1

[Event "GER-ch U25 op-C"]
[Site "Willingen"]
[Date "2024.05.22"]
[Round "5"]
[White "Hempel, Christian"]
[Black "Steinkamp, Matthis"]
[Result "1/2-1/2"]
[WhiteElo "859"]
[BlackElo "1489"]
[PlyCount "138"]
[EventDate "2024.05.19"]
[EventType "swiss"]
[EventRounds "9"]
[EventCountry "GER"]
[SourceTitle "EXT 2025"]
[Source "ChessBase"]
[SourceDate "2024.10.14"]
[SourceVersion "1"]
[SourceVersionDate "2024.10.14"]
[SourceQuality "1"]

1. d4 d5 2. c4 Nf6 3. Nc3 c6 4. Bg5 Be6 5. Nf3 Nbd7 6. e3 h6 7. Bf4 g5 8. Be5 Bg7 9. Bxf6 Bxf6 10. h3 a6 11. cxd5 cxd5 12. Bd3 b5 13. a3 Nb6 14. Qc2 Rc8 15. Qb3 0-0 16. Bb1 Qd6 17. Qc2 Rfd8 18. Qh7+ Kf8 19. Qxh6+ Ke8 20. Qh7 Na4 21. Nxa4 bxa4 22. 0-0 Rc7 23. Bc2 Rc4 24. b3 axb3 25. Bxb3 Rc3 26. Ba4+ Kf8 27. Nxg5 Rdc8 28. Nxe6+ fxe6 29. Qh6+ Kf7 30. Qh7+ Bg7 31. Qh5+ Kf8 32. Qf3+ Kg8 33. Rfd1 R3c4 34. Bb3 Rc3 35. Rdb1 Bf6 36. Qg4+ Kf8 37. h4 Ke8 38. Qg8+ Kd7 39. Ba4+ Kc7 40. Qg4 Rxa3 41. Rxa3 Qxa3 42. Qg3+ Kd8 43. Qg8+ Kc7 44. Qxe6 Qxa4 45. Rc1+ Kb7 46. Qxc8+ Kb6 47. Qc5+ Kb7 48. Rb1+ Qb5 49. Rxb5+ axb5 50. Qxb5+ Kc7 51. Qxd5 Bxh4 52. f4 Be1 53. Qe5+ Kd7 54. f5 Bh4 55. g3 Bf6 56. Qf4 Ke8 57. g4 Kf7 58. g5 Bg7 59. d5 Bc3 60. f6 exf6 61. gxf6 Bxf6 62. d6 Ke6 63. d7 Bd8 64. Qg4+ Ke7 65. e4 Kd6 66. Kf2 Ke7 67. e5 Kf8 68. Qg5 Bxg5 69. e6 Ke7 1/2-1/2

[Event "GER-ch U25-C"]
[Site "Willingen"]
[Date "2023.06.01"]
[Round "7"]
[White "Steinkamp, Matthis"]
[Black "Hellmann, Alexander"]
[Result "0-1"]
[WhiteElo "1153"]
[BlackElo "1156"]
[PlyCount "72"]
[EventDate "2023.05.27"]
[EventType "swiss"]
[EventRounds "9"]
[EventCountry "GER"]
[SourceTitle "CBM 214 Extra"]
[Source "ChessBase"]
[SourceDate "2023.07.31"]
[SourceVersion "1"]
[SourceVersionDate "2023.07.31"]
[SourceQuality "1"]

1. d4 Nf6 2. Nc3 d5 3. Bf4 Bf5 4. e3 e6 5. f3 Bb4 6. g4 Bg6 7. h4 h6 8. h5 Bh7 9. Bd3 a6 10. Nge2 Nbd7 11. Ng3 c5 12. 0-0 Rc8 13. Bxh7 Rxh7 14. g5 hxg5 15. Bxg5 Qc7 16. f4 cxd4 17. exd4 Bxc3 18. bxc3 Qxc3 19. Rf3 Qxc2 20. f5 Qxd1+ 21. Rxd1 Rc6 22. fxe6 Rxe6 23. Nf5 g6 24. hxg6 fxg6 25. Nh4 Rh5 26. Bxf6 Rxf6 27. Re1+ Kf7 28. Rxf6+ Nxf6 29. Nf3 Ne4 30. a4 Rh8 31. Ne5+ Ke6 32. Re3 b5 33. axb5 axb5 34. Kf1 g5 35. Ke2 Rh2+ 36. Kd1 Rd2+ 0-1

[Event "GER-ch U25-C"]
[Site "Willingen"]
[Date "2023.05.31"]
[Round "5"]
[White "Steinkamp, Matthis"]
[Black "Neininger, Pascal"]
[Result "0-1"]
[WhiteElo "1153"]
[BlackElo "1156"]
[PlyCount "116"]
[EventDate "2023.05.27"]
[EventType "swiss"]
[EventRounds "9"]
[EventCountry "GER"]
[SourceTitle "CBM 214 Extra"]
[Source "ChessBase"]
[SourceDate "2023.07.31"]
[SourceVersion "1"]
[SourceVersionDate "2023.07.31"]
[SourceQuality "1"]

1. d4 d5 2. Nc3 Nf6 3. Bf4 e6 4. e3 Bb4 5. Bd3 c5 6. dxc5 Nbd7 7. Nge2 0-0 8. 0-0 Bxc5 9. Nb5 e5 10. b4 Bb6 11. Nd6 exf4 12. Nxf4 Qe7 13. Nf5 Qxb4 14. g4 Ne5 15. g5 Ne4 16. Nxd5 Qa4 17. Nde7+ Kh8 18. f4 Nxd3 19. cxd3 Qxd1 20. Rfxd1 Nc3 21. Rd2 Bxf5 22. Nxf5 g6 23. Nd4 Bxd4 24. exd4 Rad8 25. Rc1 Nb5 26. Rb1 Nxd4 27. Kf2 Rc8 28. Rxb7 Rc2 29. Rxc2 Nxc2 30. Rxa7 Re8 31. Rxf7 Ra8 32. h4 Rxa2 33. f5 Nd4+ 34. Kg3 Nxf5+ 35. Kh3 Ra4 36. h5 Rh4+ 37. Kg2 Rxh5 38. Kf3 Rxg5 39. Kf4 h6 40. Ke5 h5 41. d4 h4 42. d5 Ne3+ 43. Kf4 Rf5+ 44. Rxf5 Nxf5 45. Kf3 Kg7 46. Kg2 Kf6 47. Kh2 Nd6 48. Kh3 g5 49. Kg4 Kg6 50. Kh3 Kf5 51. Kg2 Kg4 52. Kh2 Kf3 53. Kh1 Kf2 54. Kh2 g4 55. Kh1 h3 56. Kh2 g3+ 57. Kh1 g2+ 58. Kh2 g1Q+ 0-1

[Event "Niedersachsen-ch op-C"]
[Site "Verden an der Aller"]
[Date "2020.01.03"]
[Round "3"]
[White "Payyappat, Sayas"]
[Black "Steinkamp, Matthis"]
[Result "1-0"]
[WhiteElo "1131"]
[BlackElo "787"]
[PlyCount "93"]
[EventDate "2020.01.02"]
[EventType "swiss"]
[EventRounds "7"]
[EventCountry "GER"]
[SourceTitle "EXT 2023"]
[Source "ChessBase"]
[SourceDate "2022.10.05"]
[SourceVersion "1"]
[SourceVersionDate "2022.10.05"]
[SourceQuality "1"]

1. e4 c5 2. Nf3 e6 3. d4 Nc6 4. d5 exd5 5. exd5 Qe7+ 6. Qe2 Nd4 7. Nxd4 cxd4 8. c3 d6 9. cxd4 Qxe2+ 10. Bxe2 Be7 11. 0-0 Nf6 12. Nc3 0-0 13. Bf4 a6 14. a4 b6 15. b4 Bb7 16. Bf3 a5 17. bxa5 Rxa5 18. Rfe1 Re8 19. Nb5 Bxd5 20. Bxd5 Nxd5 21. Nxd6 Rd8 22. Nb7 Nb4 23. Nxd8 h6 24. Rxe7 Nc2 25. Rc1 Rxa4 26. Rxc2 Rxd4 27. Bd2 Rxd8 28. g4 Rb8 29. Rec7 Ra8 30. Rc8+ Rxc8 31. Rxc8+ Kh7 32. Rb8 f6 33. h4 b5 34. Rxb5 g5 35. h5 f5 36. Rxf5 Kg7 37. Kg2 Kg8 38. Kf3 Kh7 39. Ke4 Kg8 40. Ke5 Kh7 41. Bxg5 hxg5 42. Rxg5 Kh6 43. Kf6 Kh7 44. Kf7 Kh6 45. Rg6+ Kh7 46. f4 Kh8 47. Rh6# 1-0

[Event "Niedersachsen-ch op-C"]
[Site "Verden an der Aller"]
[Date "2020.01.02"]
[Round "2"]
[White "Steinkamp, Matthis"]
[Black "Niemann, Marcel"]
[Result "0-1"]
[WhiteElo "787"]
[BlackElo "1289"]
[PlyCount "72"]
[EventDate "2020.01.02"]
[EventType "swiss"]
[EventRounds "7"]
[EventCountry "GER"]
[SourceTitle "EXT 2023"]
[Source "ChessBase"]
[SourceDate "2022.10.05"]
[SourceVersion "1"]
[SourceVersionDate "2022.10.05"]
[SourceQuality "1"]

1. d4 d5 2. Nc3 Nf6 3. Bf4 a6 4. e3 Bf5 5. f3 e6 6. g4 Bg6 7. h4 h6 8. Bd3 Bh7 9. h5 Bd6 10. Nge2 Nc6 11. a3 Qe7 12. Qd2 e5 13. Bxh7 exf4 14. Nxf4 Bxf4 15. Bf5 Qxe3+ 16. Qxe3+ Bxe3 17. Bd3 Nxd4 18. Rf1 0-0-0 19. Bf5+ Nxf5 20. gxf5 Rhe8 21. Ne2 Bb6 22. 0-0-0 Rxe2 23. Rfe1 Rde8 24. Rxe2 Rxe2 25. Rh1 Kd7 26. Kd1 Re5 27. Rh2 Kd6 28. b4 a5 29. Rg2 Nxh5 30. Rg4 Rxf5 31. f4 Rxf4 32. Rxf4 Nxf4 33. Kd2 axb4 34. axb4 Bd4 35. c3 Be5 36. Ke3 g5 0-1

[Event "Niedersachsen-ch op-C"]
[Site "Verden an der Aller"]
[Date "2020.01.02"]
[Round "1"]
[White "Wegmann, Uwe"]
[Black "Steinkamp, Matthis"]
[Result "0-1"]
[WhiteElo "1273"]
[BlackElo "787"]
[PlyCount "84"]
[EventDate "2020.01.02"]
[EventType "swiss"]
[EventRounds "7"]
[EventCountry "GER"]
[SourceTitle "EXT 2023"]
[Source "ChessBase"]
[SourceDate "2022.10.05"]
[SourceVersion "1"]
[SourceVersionDate "2022.10.05"]
[SourceQuality "1"]

1. e4 e6 2. d4 c5 3. d5 Nf6 4. Nc3 b6 5. Nf3 Bb7 6. e5 Nxd5 7. Be2 Be7 8. 0-0 Nc6 9. Nxd5 exd5 10. Qxd5 Na5 11. Qd1 Qc7 12. Bf4 h6 13. Qd2 0-0-0 14. a3 d6 15. Qc3 f6 16. e6 g5 17. Bd2 d5 18. b4 Nc4 19. Bxc4 dxc4 20. Rfe1 Qc6 21. Rad1 g4 22. Nh4 f5 23. Qg3 Bxh4 24. Re3 Bxg3 25. Rxg3 h5 26. h4 Rhf8 27. e7 f4 28. exf8Q Rxf8 29. Bxf4 Rxf4 30. Re1 Re4 31. Rd1 Qf6 32. f3 Re3 33. Kf2 Qxh4 34. b5 Re2+ 35. Kxe2 Qxg3 36. fxg4 Qxg2+ 37. Ke3 Qxg4 38. Rf1 Qg7 39. Rf5 h4 40. Rh5 Qg3+ 41. Kd2 Qf4+ 42. Kc3 Qd4# 0-1